• Moraca Stefano

di Personal Name

Records bibliografici associati: 1

001 - CONTROL NUMBER

  • control field: 51563

003 - CONTROL NUMBER IDENTIFIER

  • control field: IT-RoPau

005 - DATE AND TIME OF LATEST TRANSACTION

  • control field: 20151202173436.0

008 - FIXED-LENGTH DATA ELEMENTS

  • fixed length control field: 151202|| aca||aabn | a|a d

040 ## - CATALOGING SOURCE

  • Original cataloging agency: IT-RoPau
  • Transcribing agency: IT-RoPau

100 ## - HEADING--PERSONAL NAME

  • Personal name: Moraca Stefano
  • Miscellaneous information: Codice regista SPICS: 59520

670 ## - SOURCE DATA FOUND

  • Source citation: Work cat.: (IT-RoPau)107310: Moraca Stefano Codice regista SPICS: 59520, CHI E' IL MIO PROSSIMO? CHI E' IL MIO PROSSIMO? (Rif. Codice opera principale : H8857)
CREDITS: SOCIETA' SAN PAOLO Via A.Severo, 58 - ROMA (RM) & PERIODICI SAN PAOLO SRL Via Giotto, 36 MILANO & CISF Via Giotto, 36 MILANO & EDIZIONI SAN PAOLO SRL,  Piazza Soncino, 5 CINISELLO BALSAMO (MI) -- ITALY